LEADER 01091nam a2200265 4500 001 000000357054 003 CaOOAMICUS 005 20240208120559.0 008 240205s1990 it 000 u ita r 020 $a88-85926-07-X 040 $aSeMil$bita 100 1 $aColzani, Gianni,$d<1940- >.$0(OLS)http://semarc/name/3154 245 10$aCEB :$bparrocchia impegnata nel territorio /$cGianni Colzani. 264 1$aCatania :$bChiesa-Mondo,$cstampa 1990. 300 $a51 p. ;$c19 cm 490 1 $aDal tempio alla strada ;$v2 650 4$aParrocchia.$0(OLS)http://semarc/subject/5780 830 0$aDal tempio alla strada ;$v2.$0(OLS)http://semarc/title/447296 850 $aSeMil 852 $aSeMil$W1$xVenegono$y1$m5C IV 10/22$j245988$B248237$CSeMilBibl$Z2$F248237 $81 961 $aCitrini don Tullio - Omaggio 996 $6020$a88-85926-07-X$9(OLS)http://semarc/number/299754 996 $6245$aCEB :$bparrocchia impegnata nel territorio$9(OLS)http://semarc/title/447295 996 $6264$aCatania :$bChiesa-Mondo$9(OLS)http://semarc/publisher/39722 LEADER 00815nam a2200217 i 4500 001 000000142574 003 CaOOAMICUS 005 20050907000000.0 008 050907s1950 it u000 u ita u 013 $a117930 040 $aSeMil$bita 100 1 $aBok, Bart.$0(OLS)http://semarc/name/39982 245 10$aLibertà della scienza /$cBart Bok. 260 $aMilano :$bEdizioni di Comunità,$c1950. 300 $a81 p. ;$c23 cm. 650 4$aScienza.$0(OLS)http://semarc/subject/15939 650 4$aScienza e etica.$0(OLS)http://semarc/subject/19378 850 $aSeMil 852 $aSeMil$W1$xVenegono$y1$m2R III 177$j95742$B95742$CSeMilBibl$Z2$F102548 $81 996 $6245$aLibertà della scienza$9(OLS)http://semarc/title/208564 996 $6260$aMilano :$bEdizioni di Comunità$9(OLS)http://semarc/publisher/31458